Teogonía. Los trabajos y los días. El escudo de Heracles

Wedi'i Gadw mewn:
Manylion Llyfryddiaeth
Prif Awdur: Hesíodo
Fformat: Llyfr
Iaith:Undetermined
Cyhoeddwyd: México, Distrito Federal Porrúa 1978
Rhifyn:4
Pynciau:
Tagiau: Ychwanegu Tag
Dim Tagiau, Byddwch y cyntaf i dagio'r cofnod hwn!

MARC

LEADER 00000nam a2200000Ia 4500
008 170316s9999 xx 000 0 und d
040 |a cru BVZT 
090 |a 880 H-3t 
100 |a Hesíodo 
245 |a Teogonía. Los trabajos y los días. El escudo de Heracles 
250 |a 4 
260 |a México, Distrito Federal 
260 |b Porrúa 
260 |c 1978 
300 |a 89 páginas 
650 |a LITERATURA GRIEGA 
650 |a IDILIOS DE BIÓN 
650 |a IDILIOS DE MOSCO 
650 |a HIMNOS ÓRFICOS; LOS PERFUMES 
999 |c 11901  |d 11901 
942 |c 15 D  |h 880 H-3t  |2 z